| 000 | 01854nam a2200469Ia 4500 | ||
|---|---|---|---|
| 001 | ebr10539271 | ||
| 003 | CaPaEBR | ||
| 006 | m u | ||
| 007 | cr cn||||||||| | ||
| 008 | 110428s2012 iluab sb s001 0 eng d | ||
| 010 | _z 2011018020 | ||
| 020 | _z0820340596 | ||
| 020 | _z082034060X | ||
| 020 | _z9780820340593 | ||
| 020 | _z9780820340609 | ||
| 020 | _z9780820341811 | ||
| 040 |
_aCaPaEBR _cCaPaEBR |
||
| 035 | _a(OCoLC)781786184 | ||
| 050 | 1 | 4 |
_aQL31.G37 _bR53 2012eb |
| 082 | 0 | 4 |
_a599.88096721 _223 |
| 100 | 1 |
_aRich, Jeremy _q(Jeremy McMaster) |
|
| 245 | 1 | 0 |
_aMissing links _h[electronic resource] : _bthe African and American worlds of R.L. Garner, primate collector / _cJeremy Rich. |
| 260 |
_aAthens : _bUniversity of Georgia Press, _cc2012. |
||
| 300 |
_axi, 220 p. : _bill., map. |
||
| 490 | 1 | _aRace in the Atlantic world, 1700-1900 | |
| 504 | _aIncludes bibliographical references and index. | ||
| 533 |
_aElectronic reproduction. _bPalo Alto, Calif. : _cebrary, _d2013. _nAvailable via World Wide Web. _nAccess may be limited to ebrary affiliated libraries. |
||
| 600 | 1 | 0 |
_aGarner, R. L. _q(Richard Lynch), _d1848-1920. |
| 650 | 0 |
_aPrimatologists _zUnited States _vBiography. |
|
| 650 | 0 |
_aApes _zGabon. |
|
| 650 | 0 |
_aApes _xCollection and preservation _zGabon. |
|
| 650 | 0 |
_aApes _xCollection and preservation _zUnited States. |
|
| 650 | 0 |
_aAmericans _zGabon _xAttitudes. |
|
| 650 | 0 |
_aRacism _xHistory _y19th century. |
|
| 650 | 0 |
_aAfricans _xPublic opinion. |
|
| 650 | 0 |
_aHuman-animal relationships _zGabon. |
|
| 651 | 0 |
_aGabon _xHistory _y1839-1960. |
|
| 655 | 7 |
_aElectronic books. _2local |
|
| 710 | 2 | _aebrary, Inc. | |
| 830 | 0 | _aRace in the Atlantic world, 1700-1900. | |
| 856 | 4 | 0 |
_uhttp://site.ebrary.com/lib/rucke/Doc?id=10539271 _zAn electronic book accessible through the World Wide Web; click to view |
| 999 |
_c246485 _d246485 |
||